Library of the University of Algiers 3
Ibrahim Sultan Cheibout
شعار جامعة الجزائر 3
مكتبة جامعة الجزائر 3
إبراهيم سلطان شيبوط

مقدمة في علم التحليل المركب / (رقم التسجيلة. 43170)

تفاصيل مارك
000 -LEADER
fixed length control field 00972nam a2200253Ia 4500
003 - CONTROL NUMBER IDENTIFIER
control field Ost
005 - DATE AND TIME OF LATEST TRANSACTION
control field 20260507075127.0
008 - FIXED-LENGTH DATA ELEMENTS--GENERAL INFORMATION
fixed length control field 260507s9999||||xx |||||||||||||| ||und||
020 ## - INTERNATIONAL STANDARD BOOK NUMBER
International Standard Book Number 9773161609
040 ## - CATALOGING SOURCE
Transcribing agency fsecg
041 ## - LANGUAGE CODE
Language code of text/sound track or separate title ara
082 ## - DEWEY DECIMAL CLASSIFICATION NUMBER
Classification number 330
100 ## - MAIN ENTRY--PERSONAL NAME
Personal name الطويل، مجدي
Relator term مؤلف
245 #0 - TITLE STATEMENT
Title مقدمة في علم التحليل المركب /
Statement of responsibility, etc. مجدي الطويل
260 ## - PUBLICATION, DISTRIBUTION, ETC.
Place of publication, distribution, etc. القاهرة:
Name of publisher, distributor, etc. دار النشر للجامعات,
Date of publication, distribution, etc. 2005
300 ## - PHYSICAL DESCRIPTION
Extent 266 صفحة؛
Other physical details إيضاحات ؛
Dimensions 24 سم
520 ## - SUMMARY, ETC.
Summary, etc. دوال المتغير المركب- النهايات- الإستمرار- الإشتقاق- تكامل الدوال المركب- نظرية الباقي- تطبيقات في تكامل المحدود- الأعداد المركبة
653 ## - INDEX TERM--UNCONTROLLED
Uncontrolled term الإستمرار
653 ## - INDEX TERM--UNCONTROLLED
Uncontrolled term الإشتقاق
653 ## - INDEX TERM--UNCONTROLLED
Uncontrolled term الدوال
653 ## - INDEX TERM--UNCONTROLLED
Uncontrolled term الدوال المركبة
653 ## - INDEX TERM--UNCONTROLLED
Uncontrolled term النهايات
942 ## - ADDED ENTRY ELEMENTS (KOHA)
Koha item type كتب
المقتنيات
Withdrawn status Lost status Source of classification or shelving scheme Damaged status Not for loan Home library Current library Date acquired Serial enumeration / chronology Inventory number Total checkouts Full call number Barcode Date last seen Price effective from Koha item type
    Dewey Decimal Classification   Available مكتبة كلية العلوم الإقتصادية والعلوم التجارية وعلوم التسيير مكتبة كلية العلوم الإقتصادية والعلوم التجارية وعلوم التسيير 07/05/2026 الطابق الثاني 2098/9   أ/2098ن9 2098/9 07/05/2026 07/05/2026 كتب

موارد الويب المفتوحة


© University of Algiers 3 All Rights Reserved
|
Implemented by LECHELAH Riad